Palabras Alemanas Aleatorias - Estadísticas

Estadísticas generales
  • Esta prueba ha sido intentada 260 veces
  • La puntuación promedio es 15 de 20
Estadísticas de respuestas
Alemán Español % Correcto
danke gracias
96%
und y
94%
der el
88%
oder o
88%
Hund perro
88%
Apfel manzana
87%
blau azul
86%
essen comer
83%
haben tener
82%
jung joven
78%
Mädchen chica
76%
vier cuatro
76%
warum por qué
76%
kaufen comprar
73%
schlafen dormir
72%
aber pero
72%
Tisch mesa
68%
laufen correr
57%
heiß caliente
43%
Teppich alfombra
39%
No se encontraron pruebas coincidentes
Distribución de puntuación
Porcentaje de gente con cada puntuación
Porcentaje por número respondido
Historial de tus puntuaciones
No has intentado esta prueba.